[Event "DSM WK M 2009"]
[Site "Karlsruhe GER"]
[Date "2009.05.17"]
[Round "5"]
[White "Zander, Carolin"]
[Black "Vollmer, Dorothee"]
[Result "1-0"]
[Termination "normal"]
[Board "6.3"]
[WhiteElo "800"]
[BlackElo "800"]
[WhiteTeam "Werner-von-Siemens-Gymnasium Magdeburg"]
[BlackTeam "Mallinckrodt-Gymnasium Dortmund"]
[PlyCount "41"]
[EventCountry "GER"]
[EventRounds "7"]
[EventType "team-swiss"]
[EventDate "2009.05.15"]

1. e4 e5 2. Nf3 Nc6 3. Bb5 Bb4 4. Nc3 Nf6 5. d3 O-O 6. Bg5 d6 7. Bxc6 bxc6 8.
Qe2 Bg4 9. Qe3 c5 10. O-O c6 11. Rad1 Qb6 12. Qe2 Nh5 13. Be7 Rfe8 14. Na4 Qb8
15. Bg5 g6 16. Bh6 Ng7 17. Qe3 Kf8 18. Bg5 Ne6 19. Bf6 h6 20. Qxh6+ Ng7 21.
Qxg7# 1-0

[Event "DSM WK M 2009"]
[Site "Karlsruhe GER"]
[Date "2009.05.17"]
[Round "5"]
[White "Nguyen, Michelle"]
[Black "Walther, Laura"]
[Result "0-1"]
[Termination "normal"]
[Board "6.4"]
[WhiteElo "800"]
[BlackElo "800"]
[WhiteTeam "Mallinckrodt-Gymnasium Dortmund"]
[BlackTeam "Werner-von-Siemens-Gymnasium Magdeburg"]
[PlyCount "28"]
[EventCountry "GER"]
[EventRounds "7"]
[EventType "team-swiss"]
[EventDate "2009.05.15"]

1. e4 e5 2. Nf3 Nc6 3. Bc4 Nf6 4. O-O Bc5 5. d3 h6 6. Nc3 d6 7. Be3 Bg4 8. h3
Bh5 9. g4 Nxg4 10. hxg4 Bxg4 11. Re1 O-O 12. Kf1 Qf6 13. Qd2 Qxf3 14. Re2 Qh1#
0-1

[Event "DSM WK M 2009"]
[Site "Karlsruhe GER"]
[Date "2009.05.17"]
[Round "5"]
[White "Zibell, Christine"]
[Black "Schweiger, Yasmin"]
[Result "1-0"]
[Termination "normal"]
[Board "7.2"]
[WhiteElo "794"]
[BlackElo "804"]
[WhiteTeam "Albert-Einstein-Gymnasium Neubrandenburg"]
[BlackTeam "Gymnasium Neureut"]
[PlyCount "67"]
[EventCountry "GER"]
[EventRounds "7"]
[EventType "team-swiss"]
[EventDate "2009.05.15"]

1. e4 c6 2. d4 d5 3. e5 Bf5 4. Bd3 Bxd3 5. Qxd3 Nd7 6. Ne2 e6 7. O-O Bb4 8. a3
Ba5 9. c3 Ne7 10. Bf4 O-O 11. Nd2 Bb6 12. b4 Qe8 13. Qg3 Ng6 14. Qg5 f6 15.
exf6 Nxf6 16. Nf3 Ne4 17. Qg4 Bd8 18. Rae1 Qf7 19. Ng3 Nxg3 20. fxg3 Re8 21.
Re3 Nxf4 22. gxf4 Rc8 23. Rfe1 Rc7 24. Ne5 Qe7 25. Rh3 Qf6 26. Qh5 h6 27. Qxe8+
Qf8 28. Qg6 Qxf4 29. Qe8+ Qf8 30. Qg6 Qf4 31. Rf1 Qg5 32. Qxe6+ Kh8 33. Rf8+
Kh7 34. Qg8# 1-0

[Event "DSM WK M 2009"]
[Site "Karlsruhe GER"]
[Date "2009.05.17"]
[Round "5"]
[White "Rottler, Corinna"]
[Black "Parchmann, Wiebke"]
[Result "1-0"]
[Termination "normal"]
[Board "7.3"]
[WhiteElo "800"]
[BlackElo "800"]
[WhiteTeam "Gymnasium Neureut"]
[BlackTeam "Albert-Einstein-Gymnasium Neubrandenburg"]
[PlyCount "81"]
[EventCountry "GER"]
[EventRounds "7"]
[EventType "team-swiss"]
[EventDate "2009.05.15"]

1. e4 e5 2. Bc4 Nf6 3. Nc3 Nc6 4. Nf3 Bc5 5. O-O d6 6. h3 Nxe4 7. Nxe4 d5 8.
Bxd5 Qxd5 9. d3 Bf5 10. c4 Qe6 11. Nxc5 Qd6 12. Nxb7 Qe6 13. Be3 O-O 14. d4
Bxh3 15. gxh3 Rab8 16. Nc5 Qxc4 17. b3 Qd5 18. dxe5 Qd8 19. Qxd8 Rbxd8 20. e6
Rd5 21. Na6 fxe6 22. Nd4 Nxd4 23. Bxd4 Rxd4 24. Nxc7 Rf3 25. Kg2 Rdf4 26. Nxe6
Rf6 27. Nd4 R3f4 28. Rad1 Rg6+ 29. Kh2 Rh4 30. Nf3 Rh5 31. b4 Rgh6 32. h4 Rf5
33. Rd3 Rg6 34. Kh3 Rf4 35. Re1 Rfg4 36. Re7 h6 37. Rd8+ Kh7 38. Ng5+ hxg5 39.
Kxg4 gxh4+ 40. Kxh4 Kh6 41. Rh8# 1-0

[Event "DSM WK M 2009"]
[Site "Karlsruhe GER"]
[Date "2009.05.17"]
[Round "5"]
[White "Gold, Lisa"]
[Black "Schweiger, Lauralie"]
[Result "0-1"]
[Termination "normal"]
[Board "7.4"]
[WhiteElo "800"]
[BlackElo "964"]
[WhiteTeam "Albert-Einstein-Gymnasium Neubrandenburg"]
[BlackTeam "Gymnasium Neureut"]
[PlyCount "98"]
[EventCountry "GER"]
[EventRounds "7"]
[EventType "team-swiss"]
[EventDate "2009.05.15"]

1. e4 c6 2. d4 d5 3. Nc3 Nf6 4. Bd3 e6 5. e5 Nfd7 6. Nf3 c5 7. Bg5 Be7 8. Qd2
h6 9. Bh4 c4 10. Be2 Bxh4 11. g3 Bg5 12. Qd1 O-O 13. b3 cxb3 14. O-O b2 15. Rb1
Qa5 16. Rxb2 Qxc3 17. Rb3 Qa5 18. Qa1 Nc6 19. Rb5 Qa4 20. Bd3 a6 21. Rb3 Nb4
22. Rc1 Bxc1 23. Qxc1 Nxa2 24. Qa1 b5 25. Rb2 Nc3 26. Qc1 Nb6 27. Qd2 Qa1+ 28.
Ne1 Qxb2 29. Kg2 a5 30. g4 a4 31. g5 hxg5 32. Qxg5 Ne4 33. Qh5 a3 34. f3 g6 35.
Qh6 a2 36. fxe4 Qxd4 37. Nf3 Qc5 38. Nh4 a1=Q 39. Nxg6 fxg6 40. Qxg6+ Kh8 41.
exd5 Qag1+ 42. Kh3 Qxg6 43. Bxg6 Qd4 44. c3 Qxc3+ 45. Kh4 Qxe5 46. Kg4 Rf4+ 47.
Kg3 Qe3+ 48. Kg2 Rf2+ 49. Kg1 Qe1# 0-1

[Event "DSM WK M 2009"]
[Site "Karlsruhe GER"]
[Date "2009.05.17"]
[Round "5"]
[White "Knof, Henrike"]
[Black "Danicka, Karolina"]
[Result "1-0"]
[Termination "normal"]
[Board "8.2"]
[WhiteElo "1362"]
[BlackElo "800"]
[WhiteTeam "Max-Planck-Schule Kiel"]
[BlackTeam "Katholische Schule St. Marien Berlin"]
[PlyCount "91"]
[EventCountry "GER"]
[EventRounds "7"]
[EventType "team-swiss"]
[EventDate "2009.05.15"]

1. e4 e5 2. Nf3 Nc6 3. Bc4 Nf6 4. d3 h6 5. c3 d5 6. exd5 Nxd5 7. Qe2 f6 8. Qe4
Be6 9. d4 Qd6 10. O-O O-O-O 11. Na3 f5 12. Qc2 g5 13. Nb5 Qd7 14. dxe5 g4 15.
Nfd4 Nxe5 16. Nxe6 Qxe6 17. Bxd5 Rxd5 18. Nd4 Qf6 19. Kh1 Nc6 20. b3 Nxd4 21.
cxd4 Qd6 22. Re1 Bg7 23. Bb2 f4 24. Rac1 Bxd4 25. Bxd4 Rxd4 26. Qf5+ Qd7 27.
Qf6 Rd8 28. Qxh6 Rd1 29. Qxf4 Rxe1+ 30. Rxe1 Qd1 31. Rg1 Qc2 32. Qxg4+ Kb8 33.
Qh4 Qd1 34. g4 Qd2 35. h3 Rf8 36. Rg2 Qxa2 37. Qg3 b5 38. f4 Qb1+ 39. Kh2 Rd8
40. Qe3 Rd3 41. Qe8+ Kb7 42. Qxb5+ Ka8 43. Qc6+ Kb8 44. Rc2 Rd6 45. Qxc7+ Ka8
46. Qc8# 1-0

[Event "DSM WK M 2009"]
[Site "Karlsruhe GER"]
[Date "2009.05.17"]
[Round "5"]
[White "v. Chamier, Angelika"]
[Black "Schneckenburger, Johanna"]
[Result "0-1"]
[Termination "normal"]
[Board "8.3"]
[WhiteElo "800"]
[BlackElo "822"]
[WhiteTeam "Katholische Schule St. Marien Berlin"]
[BlackTeam "Max-Planck-Schule Kiel"]
[PlyCount "28"]
[EventCountry "GER"]
[EventRounds "7"]
[EventType "team-swiss"]
[EventDate "2009.05.15"]

1. e4 e5 2. Bc4 Bc5 3. Nc3 Nf6 4. Nf3 d6 5. d3 h6 6. O-O Nc6 7. Bd2 Bg4 8. Qe1
O-O 9. Nh4 Bh5 10. a3 Nd4 11. Qc1 Ng4 12. b4 Bb6 13. Be3 Qxh4 14. g3 Qxh2# 0-1

[Event "DSM WK M 2009"]
[Site "Karlsruhe GER"]
[Date "2009.05.17"]
[Round "5"]
[White "Reyher, Susan"]
[Black "Ebel, Britta"]
[Result "0-1"]
[Termination "normal"]
[Board "9.1"]
[WhiteElo "972"]
[BlackElo "938"]
[WhiteTeam "Grundschule Pestalozzi Leegebruch"]
[BlackTeam "Trave-Gymnasium Lübeck"]
[PlyCount "82"]
[WhiteFideId "24686107"]
[EventCountry "GER"]
[EventRounds "7"]
[EventType "team-swiss"]
[EventDate "2009.05.15"]

1. e4 e5 2. d4 exd4 3. c3 dxc3 4. Bc4 Bb4 5. Nxc3 Qe7 6. Qb3 Qxe4+ 7. Nge2
Bxc3+ 8. bxc3 Qe7 9. O-O Nf6 10. Ba3 d6 11. Rfe1 O-O 12. Nf4 Qd7 13. Qc2 Qf5
14. Qd2 b5 15. Bd3 Qg4 16. Bxb5 Bb7 17. h3 Qg5 18. Bc1 Qxb5 19. Qc2 Qc6 20. Re3
Nh5 21. Rf3 Nxf4 22. Bxf4 Nd7 23. Rg3 Nf6 24. c4 Nh5 25. Rg4 Nxf4 26. Qc3 Ne2+
27. Kh1 Nxc3 28. Rc1 Ne4 29. Kg1 f5 30. Rh4 Nd2 31. f3 Nxf3+ 32. gxf3 Qxf3 33.
Rc2 Qh1+ 34. Kf2 Qg2+ 35. Ke1 Qxc2 36. Rd4 Qc3+ 37. Ke2 Qxd4 38. h4 Rae8+ 39.
Kf1 Qd1+ 40. Kf2 Qf3+ 41. Kg1 Qg2# 0-1

[Event "DSM WK M 2009"]
[Site "Karlsruhe GER"]
[Date "2009.05.17"]
[Round "5"]
[White "Schütt, Sinja"]
[Black "Wolff, Marie Antoinette"]
[Result "0-1"]
[Termination "normal"]
[Board "9.2"]
[WhiteElo "800"]
[BlackElo "708"]
[WhiteTeam "Trave-Gymnasium Lübeck"]
[BlackTeam "Grundschule Pestalozzi Leegebruch"]
[PlyCount "56"]
[BlackFideId "12908258"]
[EventCountry "GER"]
[EventRounds "7"]
[EventType "team-swiss"]
[EventDate "2009.05.15"]

1. e4 d6 2. Nc3 Nf6 3. Bb5+ c6 4. Ba4 g6 5. Nf3 Bg7 6. e5 dxe5 7. Nxe5 O-O 8.
O-O Nbd7 9. d4 Qc7 10. Nc4 Nb6 11. b3 Ng4 12. g3 f5 13. Bg5 Bf6 14. Bf4 e5 15.
dxe5 Bxe5 16. Re1 Nxc4 17. bxc4 Qb6 18. Be3 Qa5 19. Bd2 Qc5 20. Rf1 Be6 21. Bb3
b5 22. a4 bxc4 23. a5 cxb3 24. cxb3 Bxc3 25. Bxc3 Qxc3 26. Re1 Qc5 27. Rxe6
Qxf2+ 28. Kh1 Qxh2# 0-1

[Event "DSM WK M 2009"]
[Site "Karlsruhe GER"]
[Date "2009.05.17"]
[Round "5"]
[White "Sauer, Annika"]
[Black "Teege, Laura"]
[Result "0-1"]
[Termination "normal"]
[Board "9.3"]
[WhiteElo "722"]
[BlackElo "800"]
[WhiteTeam "Grundschule Pestalozzi Leegebruch"]
[BlackTeam "Trave-Gymnasium Lübeck"]
[PlyCount "86"]
[WhiteFideId "12952052"]
[EventCountry "GER"]
[EventRounds "7"]
[EventType "team-swiss"]
[EventDate "2009.05.15"]

1. e4 e5 2. Nf3 Nc6 3. Nc3 Bc5 4. Bc4 Nf6 5. d3 O-O 6. Bd2 d6 7. Qe2 Bg4 8.
O-O-O Nb4 9. Nd5 Nxa2+ 10. Bxa2 b6 11. h3 Bh5 12. Bb4 a5 13. Bxc5 bxc5 14.
Nxf6+ Qxf6 15. g4 Bg6 16. h4 h6 17. h5 Bh7 18. Nd2 Rab8 19. Nc4 a4 20. Rh3 Qg5+
21. Kb1 Qe7 22. Nd2 Qd7 23. Bc4 a3 24. b3 Ra8 25. Ka2 Qc8 26. Rg3 c6 27. g5
hxg5 28. Rxg5 Qd8 29. Qg4 g6 30. hxg6 Bxg6 31. Rh1 Re8 32. Qh3 Kf8 33. Qh8+ Ke7
34. Qh3 d5 35. Rxe5+ Kd6 36. Rxe8 Qxe8 37. exd5 cxd5 38. Qg3+ Kc6 39. Rh6 Qe6
40. Nf3 dxc4 41. bxc4 Qf6 42. Ne5+ Kb6 43. Nxg6 Qb2# 0-1

[Event "DSM WK M 2009"]
[Site "Karlsruhe GER"]
[Date "2009.05.17"]
[Round "5"]
[White "Eifert, Pia"]
[Black "Allonge, Mandy"]
[Result "1-0"]
[Termination "normal"]
[Board "9.4"]
[WhiteElo "800"]
[BlackElo "800"]
[WhiteTeam "Trave-Gymnasium Lübeck"]
[BlackTeam "Grundschule Pestalozzi Leegebruch"]
[PlyCount "65"]
[EventCountry "GER"]
[EventRounds "7"]
[EventType "team-swiss"]
[EventDate "2009.05.15"]

1. e4 e5 2. Nf3 Nc6 3. Bc4 d6 4. d3 Be6 5. O-O Be7 6. Nc3 Qd7 7. Nd5 Nf6 8. b3
O-O-O 9. Re1 h6 10. a4 g5 11. a5 g4 12. Nh4 Ng8 13. Nf5 h5 14. Nfxe7+ Ngxe7 15.
Nf6 Rdg8 16. Nxd7 Kxd7 17. Bb5 a6 18. Bc4 h4 19. Re3 Ng6 20. f3 gxf3 21. Rxf3
Rg7 22. Ra4 Rhg8 23. b4 b5 24. Bb3 bxa4 25. Bxa4 Nf4 26. g3 hxg3 27. Rxg3 Nh3+
28. Kf1 Ng5 29. b5 Na7 30. b6+ c6 31. bxa7 Bh3+ 32. Kf2 Ke6 33. Bxc6 { Schwarz
spielte nun irregulär 33...Se7; im 57.Zug:} 1-0